Látogatás a tűzoltóknál

Bibliographic Details
Main Authors: Bab, Éva (Author), Bugár-Fellinger, Denisza (Author)
Format: Article
Language:Hungarian
Slovak
PhysicalDescription:Fotogr.
ISSN:1338-9068
Subjects:

MARC

LEADER 00000nab a2200000 a 4500
001 vtls011717046
003 SK-MaSNL
005 20260318133017.0
008 171024|2017 xo m| 000 02hun
015 |a SNBRB2017/10 
038 |a DSZK 
040 |a DSZK  |b slo  |c DSZK  |e AACR2 
041 0 |a hun  |a slo 
044 |a xo  |c SK 
080 |a 373.3  |x (=511.141)  |x (437.612)  |2 2011 
080 |a 614.842.83  |x (437.612)  |2 2011 
100 1 |a Bab, Éva  |4 aut  |9 1194467 
245 1 0 |a Látogatás a tűzoltóknál  |c Bab Éva, Bugár-Fellinger Denisza 
300 |b Fotogr. 
546 |a Dvojjazyčné vydanie 
610 2 7 |a Základná škola Mateja Korvína s vyučovacím jazykom maďarským (Šamorín, Slovensko)  |2 dszk  |9 1194116 
610 2 7 |a Dobrovoľný hasičský zbor (Šamorín, Slovensko)  |2 dszk  |9 36272 
650 0 7 |a návštevy  |2 dszk  |9 726269 
651 7 |a Šamorín (Slovensko)  |2 SNKPH  |9 28925 
700 1 |a Bugár-Fellinger, Denisza  |4 aut  |9 1232799 
773 0 |t Somorja és vidéke=Šamorín a okolie  |g Évf. XXVII, sz. 6 (2017), o. 5  |x 1338-9068 
852 |a DSZK  |b KIS3GCP 
958 |a SK 
958 |a HU 
999 |c 2175489  |d 2177419